|
|
|
|
| LEADER |
00000nam0a2200000 4500 |
| 001 |
376493 |
| 005 |
20231101052006.0 |
| 010 |
|
|
|b 3000 экз.
|
| 035 |
|
|
|a (RuTPU)RU\TPU\retro\33933
|
| 035 |
|
|
|a RU\TPU\book\281804
|
| 090 |
|
|
|a 376493
|
| 100 |
|
|
|a 20221222d1944 m y0rusy50 ca
|
| 101 |
0 |
|
|a rus
|
| 102 |
|
|
|a RU
|
| 105 |
|
|
|a af z 001zy
|
| 200 |
1 |
|
|a Эксплоатация паросиловых установок морских судов
|h Т. 2
|f А. П. Швед, И. С. Френкель, В. К. Лысенко
|
| 210 |
|
|
|a Москва
|c Морской транспорт
|d 1944
|
| 215 |
|
|
|a 479 с.
|c ил.
|
| 300 |
|
|
|a Подписано к печати 10.06.1944 г.
|
| 320 |
|
|
|a Приложения: с. 467-476.
|
| 610 |
1 |
|
|a судовые паросиловые установки
|
| 675 |
|
|
|a 629.12-8
|v 3
|
| 675 |
|
|
|a 621.12
|v 3
|
| 700 |
|
1 |
|a Швед
|b А. П.
|
| 701 |
|
1 |
|a Френкель
|b И. С.
|
| 701 |
|
1 |
|a Лысенко
|b В. К.
|
| 801 |
|
1 |
|a RU
|b 63413507
|c 20140429
|
| 801 |
|
2 |
|a RU
|b 63413507
|c 20221222
|g RCR
|
| 942 |
|
|
|c BK
|